00678nam a2200157Ia 4500008004100000020001800041082002500059100002000084245011800104250002000222260004400242300001100286651009500297952011100392999001700503120622s9999 xx 000 0 und d a970-05-0612-6 a327.72073 S642m 1995 aSmith, Clint E. aMéxico ante los Estados Unidos : historia de una convergencia / Clint E. Smith ; tr. Silvia Elena Vélez Quero a2 / rev. y aum. aMéxico : Grijalbo ; UAM, Azcapotzalco a197 p. a1. MEXICO - RELACIONES EXTERIORES - E.U.A. \ 2. E.U.A. - RELACIONES EXTERIORES - MEXICOÌ 00104070a01b01d2007-01-25l1o327.72073 S642M 1995p01 005863r2015-03-18s2015-03-18w2012-06-24yLB c57278d57278